| 000 | 00630nam a2200217 a 4500 | ||
|---|---|---|---|
| 008 | |||
| 020 | _a1903734266(pbk.) | ||
| 049 | _aMAIN | ||
| 090 |
_aR706 _bKIR |
||
| 100 | 1 | _aKirby, Roger. | |
| 245 | 1 | 0 |
_aSucceeding as a hospital doctor : _bthe experts share their secrets / _cRoger Kirby and Tony Mundy |
| 260 |
_aUnited Kingdom: _bHealth Press, _c2000. |
||
| 300 |
_axi,217 p. : _bill. ; _c21cm. |
||
| 650 | 1 | _aMedicine | |
| 700 | _aMundy, Tony. | ||
| 907 |
_a.b10195750 _b30-05-13 _c14-03-06 |
||
| 003 | |||
| 005 | 20230120203926.0 | ||
| 040 | _cNUST | ||
| 942 |
_cBOOKS _kR706 _mKIR |
||
| 999 |
_c113998 _d113998 |
||